000 00420nam a2200169Ia 4500
003 GCL
008 140319s9999 xx 000 0 ara d
040 _aGCL /
_cGCL
082 0 4 _aط
_b953
_bح م
100 1 _aحسان حلاق
245 1 0 _aمدن وشعوب اسلامية /
_cحسان حلاق
300 _a444 ص
490 _a
650 0 4 _aالمسلمون
650 0 4 _aالجغرافيا
942 _2ddc
_cBK
999 _c45404
_d45404